000
00274nam a2200121 a 4500
005
20141022142006.0
008
080922s19uu xx 00 eng d
050
_a
VCD
_b
N31 1998
245
_a
The negotiator.
650
_a
VCD.
650
_a
The negotiator.
942
_c
AVM
999
_c
276497
_d
276497